000 00763nam a22002057a 4500
005 20260618124304.0
010 _aENG-148885
020 _a9781316634943
_c495.00
035 _aEN-132417
037 _bDBAD/PUB
082 _a915.36804
100 _aAnderson, Clare
_989442
245 _aNew Histories of The Andaman Islands:
_cClare Anderson, Madhumita Mazumdar [and] Vishvajit Pandya
_bLandscape, Place and Identity in the Bay of Bengal, 1790-2012/
260 _aNew Delhi
_bCambridge University Press
_c2016
270 _a4843/24, 2nd Floor, Ansari Road, Daryaganj,
_bNew Delhi
_e110002
300 _a324p.
_c22.5cm(Pb);
700 _989435
_aMazumdar, Madhumita
700 _aPandya, Vishvajit
_972140
942 _2ddc
_cEN
_h915.36804
_mAND
999 _c216743
_d216743